CLEVER MINISTERS - 3 IN 1 - AMAR CHITRA KATHA (Record no. 8602)

MARC details
000 -LEADER
fixed length control field 00205nam a22000977a 4500
020 ## - INTERNATIONAL STANDARD BOOK NUMBER
ISBN 9788184827071
082 ## - DEWEY DECIMAL CLASSIFICATION NUMBER
Classification number K930
245 ## - TITLE STATEMENT
Title CLEVER MINISTERS - 3 IN 1 - AMAR CHITRA KATHA
300 ## - PHYSICAL DESCRIPTION
Number of Pages 32P
942 ## - ADDED ENTRY ELEMENTS (KOHA)
Koha item type Books
Holdings
Home library Current library Shelving location Date acquired Cost, normal purchase price Full call number Accession Number Koha item type
Beautiful Minds Library Beautiful Minds Library General Stacks 30/01/2024 125.00 K930 HIS E5381 Books
analytics